Normal view
MARC view
- Janardan Kumar
Entry Personal Name
001 - CONTROL NUMBER
- control field: 528
003 - CONTROL NUMBER IDENTIFIER
- control field: OSt
005 - DATE AND TIME OF LATEST TRANSACTION
- control field: 20160621140718.0
008 - FIXED-LENGTH DATA ELEMENTS
- fixed length control field: 160621|| aca||aabn | a|a d
040 ## - CATALOGING SOURCE
- Original cataloging agency: OSt
- Transcribing agency: OSt
100 ## - HEADING--PERSONAL NAME
- Personal name: Janardan Kumar
670 ## - SOURCE DATA FOUND
- Source citation: Work cat.: (OSt): Arya, Renu 527, Indira's Objective Agricultural Extension Multiple choice questions (MCQ's) for competitive exams of Agricultural extention), 2014
